[Event "FIDE Chesscom Grand Swiss 2021"]
[Site "Riga"]
[Date "2021.11.06"]
[Round "10.14"]
[White "Korobov, Anton"]
[Black "Shevchenko, Kirill"]
[Result "1/2-1/2"]
[WhiteElo "2690"]
[BlackElo "2632"]
[Annotator "TA"]
[PlyCount "60"]
[EventDate "2021.10.27"]
[EventType "swiss"]
[EventCountry "LAT"]
[Tiebreak "Cut1 Buchholz+Sonneborn-Berger (Swiss)"]
[SourceTitle "playchess.com"]
[Source "ChessBase"]
[SourceQuality "1"]

{[%evp 28,60,2,0,15,16,25,13,18,22,17,0,0,0,0,0,0,0,0,0,0,0,0,0,0,0,0,0,0,0,0,
0,0,0,0]} 1. e4 c5 2. Nf3 Nc6 3. d4 cxd4 4. Nxd4 Nf6 5. Nc3 e5 6. Ndb5 d6 7.
Bg5 a6 8. Na3 b5 9. Nd5 Be7 10. Bxf6 Bxf6 11. c3 O-O 12. Nc2 Be6 13. Be2 Bg5
14. O-O Rb8 15. Nce3 g6 {B33: Sicilian: Pelikan and Sveshnikov Variations.} 16.
a4 Bxe3 17. Nxe3 bxa4 {The position is equal.} 18. Qxa4 Rxb2 19. Qxc6 Rxe2 20.
Qxa6 {[#]} Rd2 $146 ({Predecessor:} 20... Rb2 21. Rab1 Rxb1 22. Rxb1 Qc7 23. h3
Rb8 24. Rxb8+ Qxb8 25. Qd3 Qb2 26. Qxd6 Qxc3 27. Nd5 Bxd5 28. exd5 Qc1+ {
1/2-1/2 (28) Peltrault,F (2305)-Parr,E (2285) France 1998}) 21. Rfd1 Rxd1+ 22.
Rxd1 Qc8 23. Qxd6 Qxc3 24. h4 h5 25. Nd5 Bxd5 26. exd5 Qc2 27. Re1 Qd2 28. Rb1
e4 29. Qe5 Rd8 30. Qxe4 Qxd5 {A rather calm draw.  Weighted Error Value:
White=0.01/Black=0.01} 1/2-1/2

[Event "FIDE Chesscom Grand Swiss 2021"]
[Site "Riga"]
[Date "2021.11.06"]
[Round "10.15"]
[White "Kuzubov, Yuriy"]
[Black "Grandelius, Nils"]
[Result "1/2-1/2"]
[WhiteElo "2624"]
[BlackElo "2662"]
[Annotator "TA"]
[PlyCount "313"]
[EventDate "2021.10.27"]
[EventType "swiss"]
[EventCountry "LAT"]
[Tiebreak "Cut1 Buchholz+Sonneborn-Berger (Swiss)"]
[SourceTitle "playchess.com"]
[Source "ChessBase"]
[SourceQuality "1"]

{[%evp 9,313,0,6,0,0,5,8,11,0,13,19,15,19,15,13,-45,-53,-44,-33,-45,-47,-34,
-39,-34,-35,-43,-52,-28,-31,-46,-51,-35,-27,-22,-6,-20,-27,-30,0,0,33,26,48,45,
143,41,33,34,49,38,38,38,71,0,0,0,0,0,39,39,39,-19,-19,-20,-20,-20,-20,-72,0,0,
0,0,0,0,0,0,0,-14,0,-20,0,-19,-23,-25,0,0,0,0,0,0,0,0,0,0,0,0,0,0,0,-12,0,-14,
0,-14,0,0,0,-27,0,-26,0,0,0,0,0,-15,-15,-15,-15,-15,-8,-15,0,0,0,0,0,0,0,0,0,0,
0,0,0,0,0,0,0,0,0,0,0,0,0,0,0,0,0,0,0,0,0,-14,0,0,0,0,0,0,0,0,0,0,0,0,0,0,0,0,
0,0,0,0,0,0,0,0,0,0,0,0,0,0,0,0,0,0,0,0,0,0,0,0,0,0,0,0,0,0,0,0,0,0,0,0,0,0,0,
0,0,0,0,0,0,0,0,0,0,0,0,0,0,0,0,0,0,0,0,0,0,0,0,0,0,0,0,0,0,0,0,0,0,0,0,0,0,0,
0,0,0,0,0,0,0,0,0,0,0,0,0,0,0,0,0,0,0,0,0,0,0,0,0,0,0,0,0,0,0,0,0,0,0,0,0,0,0,
0,0,0,0,0,0,0,0,-8,-8,-8,-8,-8,-8,-8,-8,-8,-8,-8]} 1. d4 Nf6 2. Nf3 g6 3. Nbd2
Bg7 4. e4 O-O 5. Bd3 c5 6. c3 {A48: 1 d4 Nf6 2 Nf3 g6: Torre, London and Colle
Systems.} d5 7. e5 Nh5 8. O-O cxd4 9. cxd4 Nf4 10. Bc2 {[#]} f6 $146 ({
Predecessor:} 10... Nc6 11. Nb3 Ne6 12. Be3 a5 13. a4 Nb4 14. Bb1 b6 15. Qd2
Ba6 16. Rd1 f5 {0-1 (50) Jakobsen,O (2420)-Gutman,L (2480) Thessaloniki 1984})
11. exf6 Bxf6 12. Ne5 (12. Bb3 $11) 12... Bxe5 $15 13. dxe5 Nc6 14. Nb3 Nxe5 {
...Nh3+! is the strong threat.} 15. Nd4 Qd6 16. Bf5 Nc6 17. Bxf4 Qxf4 {[%mdl
64] Double Attack} 18. Bxc8 {Strongly threatening Nxc6.} Nxd4 ({Much weaker is
} 18... Raxc8 $6 19. Ne6 $14) 19. Bxb7 Rad8 20. Qd3 e5 21. Rac1 Qf7 22. Ba6 Qf6
23. Rc7 Rd6 24. Rxa7 Nc6 25. Rc7 Nd4 $1 26. Bb7 Qg5 {[#]} ({Black should play} 
26... Qd8 $14 27. Rc8 Qb6) 27. Rc5 (27. a4 $1 $16) 27... Ne6 $14 28. Rxd5 Nf4 {
[%csl Gf4][%cal Rg5g2][%mdl 64] Double Attack} 29. Rxd6 Nxd3 30. Rxd3 Rd8 {[#]}
31. Rb3 (31. Bd5+ $1 $16 Kg7 32. b3) 31... Qd2 $11 32. g3 Qe2 33. Bf3 Qc2 34.
Re1 Rd2 $1 {[%cal Rd2f2]} 35. Rb8+ (35. Rxe5 $14 Rxf2 36. Re7 Rxf3 37. Rxf3)
35... Kg7 36. Rb7+ Kh6 37. Be4 Qc5 38. Rf7 (38. Rf1 $11) 38... Qc4 ({Better is
} 38... Rxb2 $17 39. Rd1 Rb4) 39. Rf3 Re2 (39... Rxb2 {feels hotter.} 40. a3
Qd4 41. h4 Ra2 42. Kg2 Kg7) 40. Rxe2 Qxe2 {[%mdl 4096] Endgame KQ-KRB} 41. Re3
Qxb2 42. Bd5 Qd4 43. Bb3 Kg7 44. Rf3 Qc5 (44... g5 {seems wilder.} 45. h3 h5
46. Rf7+ Kg6 47. Rc7 Qb6) 45. Rf7+ (45. h4 {feels hotter.} Qc1+ 46. Kg2 Qc6 47.
g4 Kh6 48. Kg3) 45... Kh8 46. Rd7 Qc1+ 47. Rd1 Qc3 48. h4 Qc8 49. Rd6 Qc5 50.
Re6 Qd4 51. Re8+ Kg7 52. Re7+ Kh8 53. Rf7 (53. Kg2 {is interesting.} h5 54.
Re8+ Kg7 55. Re7+ Kf8 56. Rc7) 53... Qc5 54. Rf3 (54. Kg2 {feels hotter.} h5
55. Rf6 Qd4 56. Re6 Qe4+ 57. Kh2) 54... Kg7 55. Re3 (55. Rf7+ {seems wilder.}
Kh6 56. Rf6 Kg7 57. Ra6 Qc1+ 58. Kg2) 55... Qd4 56. Kg2 Qc5 57. Rd3 Qc6+ 58.
Rd5 Qc7 59. Kf1 Qc1+ 60. Ke2 {The position is equal.} Qb2+ 61. Rd2 Qc3 62. Rc2
Qa5 63. Rc4 Qb6 64. Kf1 Qb7 65. Kg1 Qb6 66. Bc2 Qa5 67. Ra4 Qc7 68. Be4 Qd7 69.
Rc4 Qd2 70. a3 Qa5 71. a4 Qd2 72. Kg2 Qe2 73. Rc7+ Kh8 74. Bf3 (74. Bb7 {
with more complications.} Qa2 75. Rc8+ Kg7 76. Ra8 Qe2 77. Bf3) 74... Qa6 75.
Bc6 Qb6 76. Rc8+ Kg7 77. Bb5 Qd6 (77... Qd4 {keeps more tension.} 78. Rc7+ Kh6
79. Rd7 Qc5 80. Rd1 Qb4) 78. Rc1 Qd2 79. Rc7+ Kh8 80. Rd7 Qb4 81. Ra7 Qd4 82.
Rd7 Qb4 83. Kg1 Qe1+ 84. Bf1 Qa5 (84... e4 {seems wilder.} 85. Re7 Qb4 86. Re8+
Kg7 87. Bg2 Qe1+) 85. Re7 Qxa4 86. Rxe5 Qa1 87. Re3 Qc1 88. Kg2 Qc6+ 89. Kh2
Qf6 90. Re2 Qd4 91. Bg2 Qf6 92. Be4 Qd4 93. Kg2 Qc4 94. Bf3 Qc5 95. Rd2 Qe7 96.
Rd5 Kg7 97. Rb5 Qf6 98. Be4 Qd4 99. Bd5 Qd3 100. Rb7+ Kh8 101. Rd7 (101. Bf3 {
looks sharper.} Qc4 102. Rb8+ Kg7 103. Rb7+ Kh8) 101... Qb5 102. Rd8+ Kg7 103.
Be4 Qa4 104. Bf3 Qb5 (104... Kh6 {feels hotter.} 105. Rd6 Kg7 106. Rd5 Qb4 107.
Rd7+ Kg8) 105. Rd5 Qa4 106. Rg5 Qb4 107. h5 Qe7 108. Rb5 {Threatens to win
with Rb7!} Qe8 109. Rb7+ Kh6 110. Rb6 Qd8 111. Rc6 Qd4 112. hxg6 hxg6 113. Rc7
Qe5 (113... g5 {is interesting.} 114. g4 Kg6 115. Rb7 Kf6 116. Rb5 Kg6) 114.
Rd7 Qe6 (114... g5 {keeps more tension.} 115. Rd5 Qe1 116. Rd6+ Kg7 117. Rb6
Qe5) 115. Rd4 (115. Rd5 {looks sharper.} Qe7 116. Rb5 Qe6 117. Rb7 Qc4 118. Rd7
) 115... Qe5 116. Rg4 (116. Rc4 {is more complex.} Kg5 117. Rh4 Kf6 118. Rf4+
Kg5 119. Rg4+) 116... Qe6 (116... g5 {with more complications.} 117. Ra4 Qb5
118. Ra7 Qc4 119. g4 Qc2) 117. Re4 Qf5 118. Rh4+ Kg7 119. Rb4 Qc5 120. Rb7+ Kf8
121. Rb3 (121. Be4 {seems wilder.} Qd4 122. Bf3 g5 123. Rh7 Kg8 124. Rc7)
121... Kg7 122. Be4 Qd4 123. Re3 Kh6 124. Re1 Kg7 125. Ba8 Qd8 126. Ra1 Qd4
127. Rb1 Kh6 128. Rb8 Qa7 129. Rh8+ Kg7 130. Rc8 Qd4 131. Rc7+ Kh6 132. Bf3 Qe5
133. Rc4 Qe6 134. Re4 (134. Rh4+ {is interesting.} Kg5 135. Rd4 Kf6 136. Rf4+
Kg5 137. Rg4+) 134... Qf5 135. Rh4+ Kg7 136. Be4 Qe6 137. Bf3 Qe5 138. Ra4 Kh6
139. Ra2 Qd4 140. Re2 Qd6 141. Be4 Qd4 142. f3 Kg7 143. Rc2 Qd6 144. Rb2 Kf8
145. Rc2 Kg7 146. Kh2 Qd4 147. Rc7+ Kf8 148. Kh3 ({Not} 148. Bxg6 $2 Qd2+ 149.
Kg1 Qg5 $19) (148. Rh7 {feels hotter.} Kg8 149. Rb7 Qd2+ 150. Kh3 Qh6+ 151. Kg2
) 148... Qh8+ 149. Kg2 {aiming for Rc8+.} Qd4 150. Rh7 Qd6 (150... Qd2+ {
with more complications.} 151. Kh3 Qg5 152. Rb7 Qh6+ 153. Kg2 Qd2+) 151. Kh3
Qe6+ 152. g4 g5 153. Rb7 Qe5 154. Kg2 Qd4 155. Rb5 Qd2+ 156. Kh3 Qc1 157. Rf5+
{Weighted Error Value: White=0.14/Black=0.08} 1/2-1/2

[Event "FIDE Chesscom Grand Swiss 2021"]
[Site "Riga"]
[Date "2021.11.06"]
[Round "10.16"]
[White "Aronian, Levon"]
[Black "Abdusattorov, Nodirbek"]
[Result "1-0"]
[WhiteElo "2782"]
[BlackElo "2646"]
[Annotator "TA"]
[PlyCount "85"]
[EventDate "2021.10.27"]
[EventType "swiss"]
[EventCountry "LAT"]
[Tiebreak "Cut1 Buchholz+Sonneborn-Berger (Swiss)"]
[SourceTitle "playchess.com"]
[Source "ChessBase"]
[SourceQuality "1"]

{[%evp 9,85,0,28,24,36,29,45,39,52,41,42,46,53,0,20,25,35,36,42,26,33,26,69,52,
56,55,68,68,71,66,59,44,45,45,47,35,43,24,40,40,35,35,50,52,70,58,58,54,57,45,
45,45,53,35,35,35,35,35,112,82,118,107,97,102,589,585,579,590,588,577,573,540,
1586,1586,1489,1372,1000,852]} 1. d4 Nf6 2. Bf4 d5 3. e3 c5 4. Nf3 Nc6 5. Nbd2
Nh5 6. dxc5 {D02: 1 d4 d5 2 Nf3 sidelines, including 2...Nf6 3 g3 and 2...Nf6
3 Bf4.} Nxf4 7. exf4 g6 (7... Qa5 8. a3 Qxc5 9. c4 e6 10. b4 Qd6 11. g3 g6 12.
Rc1 Bg7 13. Qb3 O-O 14. Bg2 a5 15. O-O axb4 16. c5 Qe7 17. axb4 {0-1 (37)
Aronian,L (2782)-Abdusattorov,N (2634) chess24.com INT 2021}) 8. c3 {White is
slightly better.} Bh6 9. g3 O-O 10. Nb3 {[#]} Bg7 $146 ({Predecessor:} 10... a5
11. Nbd4 a4 12. b4 axb3 13. axb3 Bg4 14. Bg2 Nxd4 15. cxd4 Qd7 16. O-O Qb5 {
1-0 (76) Bluebaum,M (2672)-Nguyen,T (2571) Bad Wiessee 2020}) 11. h4 (11. Qd2
$14) 11... Bg4 12. Be2 Bxf3 13. Bxf3 e6 14. O-O Rc8 15. Qe2 Na5 16. Rfd1 Nc4 {
[#]} 17. Be4 $1 Na5 18. Bd3 b6 19. cxb6 Qxb6 20. h5 Nxb3 21. axb3 a5 22. Bc2
Rc5 23. Rd3 d4 24. hxg6 (24. cxd4 Rxh5 25. Rad1 Rd5 $17) 24... hxg6 {[%cal
Rd4c3]} 25. c4 Bf6 26. g4 Qd6 27. Qe4 Bg7 28. Kg2 Rb8 29. Rf3 Kf8 30. Rh3 g5
31. f5 exf5 32. gxf5 Re5 33. Qf3 Bf6 ({Black should try} 33... Qe7 $14) 34. Be4
$16 d3 {[#] White must now prevent ...Qd4.} 35. Bd5 ({Much worse is} 35. Bxd3
$6 Rxb3 36. Rd1 Rxb2 $11) (35. Qxd3 Qxd3 36. Bxd3 Rxb3 $11) 35... d2 36. Rd1 {
aiming for Rh7.} (36. Rxa5 Re1 $19) 36... a4 $2 {[%mdl 8192] Black cannot hold
the game after this.} (36... Bg7 $16 {is tougher.}) 37. Rh7 $18 {Strongly
threatening Qh5.White is clearly winning.} ({Weaker is} 37. Qh5 Rxd5 38. cxd5
Qxd5+ 39. Qf3 Qd4 $14) 37... Rxd5 38. Qxd5 ({Not} 38. cxd5 Rxb3 39. Qe4 Rb4 $11
) 38... Qxd5+ 39. cxd5 Rxb3 40. Rxd2 Rxb2 41. Rxb2 Bxb2 {KR-KB} 42. Rh6 a3 43.
Ra6 {Weighted Error Value: White=0.06/Black=0.32} 1-0

[Event "FIDE Chesscom Grand Swiss 2021"]
[Site "Riga"]
[Date "2021.11.06"]
[Round "10.17"]
[White "Niemann, Hans Moke"]
[Black "Xiong, Jeffery"]
[Result "0-1"]
[WhiteElo "2638"]
[BlackElo "2700"]
[Annotator "TA"]
[PlyCount "50"]
[EventDate "2021.10.27"]
[EventType "swiss"]
[EventCountry "LAT"]
[Tiebreak "Cut1 Buchholz+Sonneborn-Berger (Swiss)"]
[SourceTitle "playchess.com"]
[Source "ChessBase"]
[SourceQuality "1"]

{[%evp 14,50,0,0,0,-29,2,-66,-60,-81,-66,-147,-141,-127,-138,-149,-143,-129,
-134,-136,-134,-141,-150,-327,-273,-354,-342,-349,-349,-400,-401,-364,-327,
-478,-452,-525,-529,-478,-477]} 1. Nf3 d5 2. d4 Nf6 3. c4 dxc4 4. g3 Nc6 5. Nc3
e6 6. Bg2 Rb8 7. O-O b5 {[%cal Bb7b5,Bb5b4][%mdl 32]} 8. Ne5 Nxe5 {E04: Open
Catalan: 5 Nf3.} ({Avoid the trap} 8... Nxd4 $2 9. e3 $18) 9. dxe5 Nd7 10. a4 (
{Better is} 10. Qc2 $11) 10... b4 $15 {Black is slightly better.} 11. Nb5 Bc5 (
{Weaker is} 11... Nxe5 12. Bf4 $16) 12. Bf4 {[#]} (12. Be3 $15) 12... g5 $1 $17
{[%cal Rg5f4]} 13. Be3 {[#]} Bxe3 14. fxe3 {next Qd4 is good for White.} a6 $36
{[%mdl 2048] Black has strong initiative.} ({Much less strong is} 14... Nxe5
15. Qd4 $11) 15. Na7 {And now Nc6 would win.} Nxe5 {...Qxd1 is the strong
threat.} 16. Qd4 Qd6 {[#]} 17. Rfd1 $146 ({Predecessor:} 17. Nc6 Qxd4 18. exd4
Nxc6 19. Bxc6+ Ke7 20. Rac1 c3 21. bxc3 b3 22. Rb1 f5 23. Rb2 {0-1 (55) Cori
Tello,D (2403)-David,A (2622) Paris 2010}) 17... O-O 18. Qe4 $2 {[#]} (18. Qxd6
$17 cxd6 19. Rxd6) 18... Bb7 $1 19. Qxb7 (19. Rxd6 Bxe4) 19... Rxb7 20. Rxd6
Rxa7 21. Rd4 c5 22. Rd6 a5 23. Rb6 (23. Rad1 {was necessary.}) 23... Rd8 $19 {
Black is clearly winning.} 24. Rb5 Rd2 25. Rxc5 f6 {Black took control after
the opening.  Weighted Error Value: White=0.48/Black=0.05} 0-1

[Event "FIDE Chesscom Grand Swiss 2021"]
[Site "Riga"]
[Date "2021.11.06"]
[Round "10.18"]
[White "Eljanov, Pavel"]
[Black "Saric, Ivan"]
[Result "1/2-1/2"]
[WhiteElo "2691"]
[BlackElo "2644"]
[Annotator "TA"]
[PlyCount "80"]
[EventDate "2021.10.27"]
[EventType "swiss"]
[EventCountry "LAT"]
[Tiebreak "Cut1 Buchholz+Sonneborn-Berger (Swiss)"]
[SourceTitle "playchess.com"]
[Source "ChessBase"]
[SourceQuality "1"]

{[%evp 14,80,26,15,27,30,44,45,41,24,29,9,11,17,20,0,0,-8,-14,-8,-8,-5,-5,0,0,
-9,-9,-9,-9,-9,-4,-4,-6,-5,0,0,1,0,0,0,0,0,9,0,37,0,0,0,0,-8,-8,-8,-8,-8,-8,
-50,-10,-46,0,0,0,0,0,0,0,0,0,0,0]} 1. Nf3 d5 2. c4 c6 3. g3 Nf6 4. Bg2 g6 5.
b3 Bg7 6. Bb2 O-O 7. O-O a5 8. d3 {8.Nc3 is the modern continuation.} b6 {
A11: English Opening: 1...c6.} 9. Qc2 Bb7 {[#]} 10. e4 $146 ({Predecessor:} 10.
Rc1 c5 11. cxd5 Bxd5 12. Nbd2 Na6 13. a3 Rc8 14. Nc4 Bb7 15. Be5 Ne8 16. Qb2
Bxe5 17. Qxe5 {1/2-1/2 (60) Bakre,T (2507)-Deepan Chakkravarthy,J (2470)
Aurangabad 2011}) 10... Na6 {White is slightly better.} 11. a3 e6 12. Be5 Re8
13. Nc3 Nc5 14. exd5 exd5 15. Rfe1 dxc4 16. dxc4 Qd3 17. Qb2 {Na4 is the
strong threat.} Qf5 {And now ...Nd3 would win.} 18. Nh4 Qe6 19. Qb1 Rad8 {
[#] White must now prevent ...Nd3.} 20. Bc7 Qxe1+ 21. Qxe1 Rxe1+ 22. Rxe1 Rd3
23. Bxb6 Nxb3 24. Na4 Bf8 25. Nf3 Nd7 26. Be3 {Threatens to win with Bf1.} Nbc5
({Wrong is} 26... Bxa3 $2 27. Bf1 $18) 27. Nxc5 Nxc5 28. a4 Ra3 29. Ne5 Rxa4
30. Rd1 Ne6 31. Bh3 {[#] aiming for Bxe6.} f5 32. Bg2 Bc5 33. Bxc5 Nxc5 34.
Nxc6 Ra2 35. h4 a4 (35... Bxc6 $5 36. Bxc6 Kf7 $15) 36. Rd5 {The position is
equal.} Ra1+ 37. Kh2 Bxc6 38. Rxc5 Bxg2 39. Kxg2 a3 40. Rc7 Rc1 {Weighted
Error Value: White=0.05/Black=0.05} 1/2-1/2

[Event "FIDE Chesscom Grand Swiss 2021"]
[Site "Riga"]
[Date "2021.11.06"]
[Round "10.19"]
[White "Yilmaz, Mustafa"]
[Black "Wojtaszek, Radoslaw"]
[Result "1-0"]
[WhiteElo "2626"]
[BlackElo "2691"]
[Annotator "TA"]
[PlyCount "79"]
[EventDate "2021.10.27"]
[EventType "swiss"]
[EventCountry "LAT"]
[Tiebreak "Cut1 Buchholz+Sonneborn-Berger (Swiss)"]
[SourceTitle "playchess.com"]
[Source "ChessBase"]
[SourceQuality "1"]

{[%evp 16,79,30,22,23,22,22,22,21,21,20,9,23,7,16,32,45,24,32,23,32,41,22,22,
84,82,68,79,85,47,82,65,60,70,51,61,67,21,47,45,50,39,31,55,55,22,32,32,41,0,0,
0,233,233,224,3,8,15,583,588,554,545,524,515,486,200]} 1. d4 Nf6 2. c4 e6 3.
Nf3 d5 4. Nc3 Bb4 5. Bg5 dxc4 6. e4 c5 7. Bxc4 cxd4 8. Nxd4 Qa5 9. Bd2 Qc5 {
D39: Queen's Gambit Declined: Ragozin Defence with 5 Bg5 dxc4.} 10. Bb5+ Bd7
11. Nb3 Qe7 {The position is equal. 11...Qc7 deserves study.} 12. Bd3 Nc6 13.
a3 Bd6 14. O-O O-O 15. Kh1 Ne5 {[%cal Bc6e5,Be5g6,Bg6f4][%mdl 32]} 16. Be2 {
And now f4 would win.} (16. Bg5 $5 {[%cal Rf2f4]}) 16... Ng6 17. f4 e5 $1 {
[%cal Re5f4]} 18. f5 Nf4 19. Bf3 Bc6 (19... h6 $11 {remains equal.}) 20. Na5
$16 {[#] Threatens to win with g3.} Rfd8 $146 ({Predecessor:} 20... Bc5 21.
Nxc6 bxc6 22. Na4 Rfd8 23. Nxc5 Qxc5 24. b4 Qb6 25. Qc2 Nd3 26. Bc3 c5 {
0-1 (39) Navara,D (2700)-Kulaots,K (2560) Riga 2014}) 21. Qc2 {Strongly
threatening g3.} h6 22. Rad1 Be8 23. Bxf4 exf4 {[#]} 24. Nxb7 $1 Qxb7 25. e5 $1
{[%mdl 64] Double Attack} Bc6 26. exf6 (26. exd6 {with more complications.} Rd7
27. Qd2 Rad8 28. Qxf4 Qb6 29. Rg1) 26... Be5 27. Bxc6 Qxc6 28. fxg7 Rxd1 29.
Qxd1 Rb8 30. h3 Rxb2 {[%csl Gb2][%cal Rc6g2]} 31. Nd5 {aiming for Ne7+.} Kxg7
32. Re1 Qd6 33. Qg4+ Kh7 $2 {[#]} (33... Kf8 $1 $11 34. Rd1 Ra2) 34. f6 $1 $18
{[%mdl 64] Decoy} Bxf6 {[#]} 35. Qf5+ (35. Nxf4 Qc6 $11) (35. Qd7 $1 $18 {
[%cal Rd7d6][%mdl 512]} Qxd7 36. Nxf6+ Kg6 37. Nxd7) 35... Kg7 $11 36. Nxf4 $40
{[%mdl 128] Nh5+ is the strong threat. Black needs to defend precisely.} Bh4 $2
{[%mdl 8192] Black cannot hold the game after this.} (36... Qc6 $11) 37. Nh5+
$18 {White is clearly winning.} ({And not} 37. Re8 Qd1+ 38. Kh2 Qd6 $11) 37...
Kf8 38. Qc8+ Qd8 {[#]} 39. Qc5+ (39. Qc3 Bxe1 40. Qh8+ (40. Qxb2 Qd6 $11) 40...
Ke7 $14) 39... Kg8 40. Qc3 {Weighted Error Value: White=0.17/Black=0.50} (40.
Qe5 $142 {[%csl Gh5][%cal Re5g7]} f6 41. Qe4 (41. Qxb2 Bxe1 42. Qb7 Qf8 $16)
41... Bxe1 42. Qg6+ {[%mdl 64] Double Attack} Kf8 43. Qg7+ {[%mdl 64] Double
Attack} Ke8 44. Nxf6+ Qxf6 45. Qxf6) 1-0

[Event "FIDE Chesscom Grand Swiss 2021"]
[Site "Riga"]
[Date "2021.11.06"]
[Round "10.20"]
[White "Najer, Evgeniy"]
[Black "Bluebaum, Matthias"]
[Result "1/2-1/2"]
[WhiteElo "2654"]
[BlackElo "2640"]
[Annotator "TA"]
[PlyCount "99"]
[EventDate "2021.10.27"]
[EventType "swiss"]
[EventCountry "LAT"]
[Tiebreak "Cut1 Buchholz+Sonneborn-Berger (Swiss)"]
[SourceTitle "playchess.com"]
[Source "ChessBase"]
[SourceQuality "1"]

{[%evp 13,99,18,20,20,23,23,25,23,30,28,20,28,15,0,0,4,0,-17,-16,-16,-22,-15,
-15,-25,-16,-25,-11,-14,-12,-16,-12,-19,-11,-10,-8,-23,-25,-66,-64,-59,-63,-49,
-49,-50,-62,-55,-54,-94,-66,-57,-63,-51,0,0,3,0,0,-29,-29,-29,-30,-34,-18,-42,
-41,-85,-34,-38,-34,-42,-44,-43,-44,-44,-40,-44,-43,-54,-36,-37,-37,-37,-37,
-37,0,-33,0,-27]} 1. e4 c6 2. d4 d5 3. e5 Bf5 4. Nf3 e6 5. Be2 c5 6. c3 Nc6 7.
O-O Bg6 8. Be3 {B12: Caro-Kann: Advance Variation.} cxd4 9. cxd4 {was the old
line (9.Nxd4).} Nge7 10. Nh4 {White has an edge.} Nf5 11. Nxf5 Bxf5 12. Nc3 Be7
13. g4 Bg6 14. f4 {[#] Strongly threatening f5.} f6 15. exf6 Bxf6 16. Bd3 Bxd3
17. Qxd3 O-O {[#]} 18. Rf2 $146 ({Predecessor:} 18. Kh1 Qd7 19. Rae1 Rae8 20.
Ne2 Bd8 21. Ng1 Bc7 22. Rf2 g6 23. Ref1 Re7 24. Nh3 Rfe8 25. Ng5 {1-0 (69)
Zhigalko,A (2587)-Prohaszka,P (2501) Rijeka 2010}) 18... Qd7 19. Raf1 Rae8 20.
Rf3 Bd8 21. Ne2 Bb6 22. Kh1 Qe7 23. a3 Rf7 24. Rh3 g6 25. f5 exf5 26. gxf5 Qe4+
$1 27. Qxe4 dxe4 28. Kg2 Rxf5 29. Rxf5 gxf5 30. Rh5 Rf8 31. Rg5+ Kh8 32. Bf4
Rd8 ({Don't go for} 32... Bxd4 $2 33. Nxd4 Rg8 34. Nxf5 $18) (32... Rg8 $15 33.
d5 Rxg5+ 34. Bxg5 Na5) 33. b4 $11 a6 ({Reject} 33... Bxd4 34. b5 $16) 34. Rxf5
Nxd4 35. Rf6 (35. Be5+ {is interesting.} Kg8 36. Rg5+ Kf8 37. Nxd4 Bxd4 38.
Rf5+) 35... Nxe2 36. Be5 {[%cal Rf6g6] [#]} Kg8 $1 37. Rxb6 {[%mdl 4096]
Endgame KRB-KRN} Re8 38. Bg3 e3 39. Bh4 Nd4 ({Black should play} 39... Nc1 $17
{White must now prevent ...e2.} 40. Rd6 e2) 40. Rxb7 $15 e2 41. Rb6 e1=Q (41...
e1=B {seems wilder.} 42. Bxe1 Rxe1 43. Rxa6 Rb1 44. Kg3 Rb3+) 42. Bxe1 Rxe1 43.
Rxa6 {KRN-KR} Rb1 44. Kg3 Rb3+ 45. Kg4 Nc2 46. Ra8+ Kg7 47. Ra7+ Kg6 48. Ra6+
Kg7 49. Ra7+ Kg6 50. Ra6+ {Weighted Error Value: White=0.08/Black=0.07} 1/2-1/2

[Event "FIDE Chesscom Grand Swiss 2021"]
[Site "Riga"]
[Date "2021.11.06"]
[Round "10.21"]
[White "Sarana, Alexey"]
[Black "Sadhwani, Raunak"]
[Result "1-0"]
[WhiteElo "2649"]
[BlackElo "2609"]
[Annotator "TA"]
[PlyCount "71"]
[EventDate "2021.10.27"]
[EventType "swiss"]
[EventCountry "LAT"]
[Tiebreak "Cut1 Buchholz+Sonneborn-Berger (Swiss)"]
[SourceTitle "playchess.com"]
[Source "ChessBase"]
[SourceQuality "1"]

{[%evp 9,71,2,20,-9,28,24,21,23,28,26,51,42,44,38,46,40,44,52,56,37,36,29,81,
82,78,80,99,67,93,81,103,85,97,87,129,116,120,96,108,98,128,62,147,145,216,183,
199,183,177,209,197,191,196,212,225,190,470,335,484,512,1207,1164,1559,883]} 1.
d4 Nf6 2. c4 e6 3. Nf3 d5 4. Nc3 Bb4 5. cxd5 exd5 6. Bf4 {D38: Queen's Gambit
Declined: Ragozin Defence (4 Nf3 Bb4).} O-O 7. e3 c6 8. Bd3 {The position is
equal.} Bg4 9. Qb3 Qb6 10. Ne5 {[#]} Be6 $146 ({Predecessor:} 10... Bh5 11. O-O
Be7 12. Qc2 Bg6 13. Nxg6 hxg6 14. Na4 Qd8 15. Nc5 Bxc5 16. Qxc5 Nbd7 {1-0 (33)
Tran,T (2526)-Nguyen,V (2456) Ho Chi Minh City 2019}) 11. O-O {[#] Strongly
threatening Na4.} Be7 12. Qc2 Nbd7 13. h3 g6 14. Bg5 Rfe8 15. f4 Nxe5 (15...
Nh5 $1 $11) 16. fxe5 $16 Nd7 17. Bxe7 Rxe7 18. Na4 Qd8 19. Rf4 Rc8 20. Qf2 c5
21. Rf1 cxd4 22. exd4 Nf8 23. Nc5 Qe8 24. h4 b6 25. Nb3 (25. Na6 $16) 25... Bd7
(25... Rec7 $14) 26. h5 Bb5 (26... Ne6 $16) 27. Bxb5 $18 Qxb5 28. Rxf7 Qxf1+
29. Qxf1 Rxf7 30. Qb5 Rd8 31. h6 Ne6 32. Qc6 Nf4 {[#]} (32... Re7 33. a4 Nf8)
33. Kh2 Rdf8 (33... Ne2 $142 34. e6 Re7) 34. g3 {White is clearly winning.} Ne2
(34... Nh5 $142 35. Qxd5 Kh8) 35. Qxd5 Kh8 36. e6 {Weighted Error Value:
White=0.14/Black=0.34} 1-0